Hodnotenie životného cyklu a ekonomickej efektívnosti vybraného výrobku diplomová práca

Na minha lista:
Detalhes bibliográficos
Autor principal: Jacková, Kristína
Autor Corporativo: Podnikovohospodárska fakulta EU so sídlom v Košiciach. Katedra marketingu a obchodu
Outros Autores: Andrejovský, Pavol, 1975-
Formato: Livro
Idioma:eslovaco
Publicado em: Košice 2012
Tags: Adicionar Tag
Sem tags, seja o primeiro a adicionar uma tag!

MARC

LEADER 00000nbm a2200000 4500
001 0153213
005 20161109102057.3
041 0 |a slo 
044 |a SK 
245 1 0 |a Hodnotenie životného cyklu a ekonomickej efektívnosti vybraného výrobku  |b diplomová práca  |c Kristína Jacková ; školiteľ: Pavol Andrejovský 
264 1 |a Košice  |c 2012 
300 |a 80 s. 
100 1 |a Jacková, Kristína 
700 1 |a Andrejovský, Pavol, 1975- 
710 2 |a Podnikovohospodárska fakulta EU so sídlom v Košiciach. Katedra marketingu a obchodu